[Event "XXXI Festival Conca della Presolana A"]
[Site "Bratto - Castione della Presolana ITA"]
[Date "2011.08.25"]
[Round "6"]
[White "Pesce, Gabriele"]
[Black "Indjic, Aleksandar"]
[Result "0-1"]
[WhiteElo "2177"]
[BlackElo "2373"]
[PlyCount "72"]
[EventDate "2011.08.20"]

1. e4 d6 2. d4 Nf6 3. Nc3 g6 4. f4 Bg7 5. Nf3 c6 6. Bd3 b5 7. O-O O-O 8. e5
Nfd7 9. a4 b4 10. Ne4 Nb6 11. Qe1 Nd5 12. Bd2 a5 13. c4 bxc3 14. bxc3 Na6 15.
Neg5 h6 16. Ne4 f5 17. exf6 exf6 18. Nh4 f5 19. Nxg6 Re8 20. Ne5 fxe4 21. Qxe4
Nf6 22. Qg6 Rf8 23. Nxc6 Qe8 24. Nxa5 Nc7 25. c4 Ne6 26. Qxe8 Rxe8 27. Bg6 Rf8
28. Nc6 Bd7 29. Ne7+ Kh8 30. Bb4 Nxd4 31. Bxd6 Ng4 32. Be4 Ne2+ 33. Kh1 Ra5 34.
c5 Rf6 35. Rae1 Rxd6 36. cxd6 Ng3+ 0-1

[Event "XXXI Festival Conca della Presolana A"]
[Site "Bratto - Castione della Presolana ITA"]
[Date "2011.08.25"]
[Round "6"]
[White "Podini, Francesco"]
[Black "Arvola, Benjamin"]
[Result "0-1"]
[WhiteElo "2033"]
[BlackElo "2207"]
[PlyCount "38"]
[EventDate "2011.08.20"]

1. e4 c5 2. Nc3 d6 3. f4 g6 4. Nf3 Bg7 5. Bc4 e6 6. d3 Ne7 7. O-O O-O 8. Qe1
Nbc6 9. Qh4 d5 10. Bb3 Nd4 11. Nxd4 cxd4 12. Ne2 a5 13. f5 gxf5 14. exd5 a4 15.
Rf3 Ng6 16. Qh5 Qh4 17. Qxh4 Nxh4 18. Rh3 axb3 19. Rxh4 Rxa2 0-1

[Event "XXXI Festival Conca della Presolana A"]
[Site "Bratto - Castione della Presolana ITA"]
[Date "2011.08.25"]
[Round "6"]
[White "Qendro, Llambi"]
[Black "Vezzani, Stefano"]
[Result "1-0"]
[WhiteElo "2343"]
[BlackElo "2183"]
[PlyCount "127"]
[EventDate "2011.08.20"]

1. d4 f5 2. Nf3 Nf6 3. g3 g6 4. Bg2 Bg7 5. O-O O-O 6. c4 d6 7. Nc3 c6 8. d5 e5
9. dxe6 Bxe6 10. Qd3 Nbd7 11. Bf4 Nb6 12. b3 d5 13. Ng5 Qe7 14. Nxe6 Qxe6 15.
cxd5 Nfxd5 16. Nxd5 Nxd5 17. Bxd5 cxd5 18. Rac1 Rac8 19. Be3 a6 20. Rfd1 Rxc1
21. Rxc1 Qe4 22. Qd2 Re8 23. Rc7 d4 24. Bh6 Re7 25. f3 Qe5 26. Rc8+ Kf7 27.
Bxg7 Kxg7 28. Kf1 Qd6 29. Qc2 Qe6 30. Qc4 Qxc4 31. Rxc4 Rd7 32. Ke1 Kf6 33. Kd2
Ke5 34. Kd3 g5 35. Rc5+ Ke6 36. a4 h6 37. Rc4 Ke5 38. Rc5+ Ke6 39. h3 Kf6 40.
Rc4 Ke5 41. b4 h5 42. Rc8 h4 43. Re8+ Kf6 44. gxh4 gxh4 45. f4 Kg7 46. Re6 Kf7
47. Rh6 Kg7 48. Rxh4 Re7 49. Kxd4 Rxe2 50. Kc5 Re4 51. a5 Re1 52. Kb6 Rb1 53.
Kxb7 Rxb4+ 54. Kxa6 Rb3 55. Ka7 Rb4 56. a6 Rb3 57. Ka8 Rb4 58. a7 Re4 59. Rh5
Rxf4 60. Rg5+ Kf7 61. Rg1 Rh4 62. Rb1 Rxh3 63. Kb7 Ra3 64. Rb6 1-0

[Event "XXXI Festival Conca della Presolana A"]
[Site "Bratto - Castione della Presolana ITA"]
[Date "2011.08.25"]
[Round "6"]
[White "Radice, Luca"]
[Black "Salmoiraghi, Angelo"]
[Result "0-1"]
[WhiteElo "2021"]
[BlackElo "2152"]
[PlyCount "70"]
[EventDate "2011.08.20"]

1. d4 d5 2. Nf3 Nf6 3. e3 g6 4. Bd3 Bg7 5. O-O O-O 6. Nbd2 c5 7. c3 Nbd7 8. Qe2
Qc7 9. e4 dxe4 10. Nxe4 Nxe4 11. Qxe4 Nf6 12. Qh4 cxd4 13. Nxd4 e5 14. Nb3 b6
15. Bh6 Bb7 16. Rfd1 Qc6 17. Bf1 Bxh6 18. Qxh6 Nh5 19. Qe3 Rae8 20. Rd2 Nf4 21.
f3 Qf6 22. Qf2 Rd8 23. Rad1 Rxd2 24. Rxd2 Rd8 25. Rxd8+ Qxd8 26. g3 Ne6 27. Bg2
Qd1+ 28. Qf1 Qc2 29. Qc1 Qd3 30. Qf1 Qc2 31. Qc1 Qe2 32. Nd2 Ng5 33. h4 Qe3+
34. Kh1 Nxf3 35. Nb3 Qf2 0-1

[Event "XXXI Festival Conca della Presolana A"]
[Site "Bratto - Castione della Presolana ITA"]
[Date "2011.08.25"]
[Round "6"]
[White "Rambaldi, Francesco"]
[Black "Pedzich, Dominik"]
[Result "1/2-1/2"]
[WhiteElo "2206"]
[BlackElo "2418"]
[PlyCount "74"]
[EventDate "2011.08.20"]

1. e4 c5 2. Nf3 e6 3. d4 cxd4 4. Nxd4 Nf6 5. Nc3 d6 6. g4 h6 7. Be3 a6 8. h3 b5
9. Bg2 Bb7 10. a3 Nbd7 11. Qe2 Rc8 12. g5 hxg5 13. Bxg5 Be7 14. f4 Qb6 15. Qe3
Rc4 16. Rd1 g6 17. O-O Rh5 18. Rfe1 e5 19. Nb3 Qxe3+ 20. Rxe3 Bd8 21. Red3 Bb6+
22. Kf1 d5 23. fxe5 Rxg5 24. exf6 Nxf6 25. Nd2 dxe4 26. Nxc4 Rf5+ 27. Ke1 Bf2+
28. Kd2 bxc4 29. Re3 Bxe3+ 30. Kxe3 Rg5 31. Bf1 Rg3+ 32. Kd4 Ke7 33. Re1 Rg1
34. Ne2 Rg5 35. Nc3 Rg1 36. Ne2 Rg5 37. Nc3 Rg1 1/2-1/2

[Event "XXXI Festival Conca della Presolana A"]
[Site "Bratto - Castione della Presolana ITA"]
[Date "2011.08.25"]
[Round "6"]
[White "Ranfagni, Stefano"]
[Black "Cugini, Verter"]
[Result "0-1"]
[WhiteElo "2006"]
[BlackElo "2053"]
[PlyCount "92"]
[EventDate "2011.08.20"]

1. d4 d6 2. e4 Nf6 3. Nc3 g6 4. f4 Bg7 5. Nf3 c5 6. Bb5+ Bd7 7. Bxd7+ Nfxd7 8.
d5 Na6 9. O-O O-O 10. Qe2 Nc7 11. h4 Rb8 12. h5 b5 13. f5 b4 14. Nd1 Nb5 15. h6
Bh8 16. Be3 Ne5 17. Ng5 Bf6 18. Nf2 Bxg5 19. Bxg5 f6 20. Be3 g5 21. Ng4 Nf7 22.
Rad1 Qb6 23. Qf2 Rfc8 24. Qd2 Qd8 25. Rf3 Kh8 26. Rh3 Qa5 27. a3 Qa4 28. Rh5
bxa3 29. bxa3 Qxe4 30. Nf2 Qxf5 31. g4 Qe5 32. Re1 Qc3 33. Qe2 Ne5 34. Nd3 Nd4
35. Bxd4 Qxd4+ 36. Kh1 Qxd5+ 37. Kh2 Nf3+ 38. Kg3 Nxe1 39. Qxe1 e5 40. Qf1 Rf8
41. Qf5 Rb1 42. Rxg5 Rg1+ 43. Kf2 Rg2+ 44. Ke1 Rxc2 45. Kd1 Rh2 46. Rg7 Qb3+
0-1

[Event "XXXI Festival Conca della Presolana A"]
[Site "Bratto - Castione della Presolana ITA"]
[Date "2011.08.25"]
[Round "6"]
[White "Ranieri, Fabrizio"]
[Black "Arun Prasad, Subramanian"]
[Result "0-1"]
[WhiteElo "2299"]
[BlackElo "2489"]
[PlyCount "114"]
[EventDate "2011.08.20"]

1. e4 c5 2. Nf3 d6 3. d4 cxd4 4. Nxd4 Nf6 5. Nc3 a6 6. Bg5 e6 7. f4 Be7 8. Qf3
h6 9. Bxf6 Bxf6 10. O-O-O Qb6 11. Nde2 Nd7 12. g4 Qc7 13. h4 Be7 14. Bg2 Nc5
15. Nd4 Bd7 16. g5 Rc8 17. f5 hxg5 18. fxe6 Bxe6 19. hxg5 Rxh1 20. Rxh1 Bxg5+
21. Kb1 Bf6 22. Nxe6 Nxe6 23. e5 Bxe5 24. Rh8+ Nf8 25. Bh3 g6 26. Bxc8 Bxh8 27.
Bxb7 Bxc3 28. Bc6+ Ke7 29. Qxc3 Nd7 30. Qe1+ Ne5 31. Qh4+ Ke6 32. Qh3+ f5 33.
Qb3+ Kf6 34. Bd5 Qc5 35. a3 g5 36. Bg8 g4 37. Qe6+ Kg7 38. Qe8 Qc7 39. Bd5 Kf6
40. Qf8+ Kg5 41. Be6 Qh7 42. Qxd6 Qg7 43. Qd2+ f4 44. Bd5 Qd7 45. Qd4 Qd6 46.
c4 Qf6 47. c5 f3 48. Ka2 Qf4 49. Qc3 f2 50. Bg2 Qc4+ 51. Qxc4 Nxc4 52. c6 Kf4
53. Kb3 Na5+ 54. Kb4 Nxc6+ 55. Kc5 Ne5 56. b4 Nd3+ 57. Kd4 Ne1 0-1

[Event "XXXI Festival Conca della Presolana A"]
[Site "Bratto - Castione della Presolana ITA"]
[Date "2011.08.25"]
[Round "6"]
[White "Recuero Guerra, David"]
[Black "Borgo, Giulio"]
[Result "1-0"]
[WhiteElo "2441"]
[BlackElo "2404"]
[PlyCount "161"]
[EventDate "2011.08.20"]

1. e4 d5 2. exd5 Qxd5 3. Nc3 Qa5 4. d4 Nf6 5. Bd2 Bg4 6. f3 Be6 7. Nge2 Bc4 8.
b3 Bxe2 9. Bxe2 Qb6 10. Be3 Qa5 11. Qd3 Nc6 12. O-O O-O-O 13. Na4 e5 14. Qf5+
Kb8 15. dxe5 Qxe5 16. Qxe5 Nxe5 17. Rfd1 Bd6 18. Bf2 Rhe8 19. Bf1 c6 20. Rd4
Kc7 21. c4 Ned7 22. Rad1 Be5 23. R4d2 b6 24. g3 g5 25. Kg2 Nf8 26. Rxd8 Rxd8
27. Rxd8 Kxd8 28. Be1 Ne6 29. Nc3 Kc7 30. Bd3 h6 31. Bd2 Kd6 32. Ne2 Ke7 33. f4
gxf4 34. gxf4 Bb2 35. Ng3 Ng7 36. Kf3 h5 37. h4 Kd6 38. Be2 Kc5 39. Ke3 Bd4+
40. Kf3 Bb2 41. Be1 Kd6 42. Bb4+ c5 43. Be1 Ne6 44. Bd1 Ng7 45. Bd2 Ke6 46. Bc2
Kd6 47. f5 Be5 48. Bf4 a6 49. a4 a5 50. Bd1 Nge8 51. Ke3 Ng7 52. Be2 Bxf4+ 53.
Kxf4 Kd7 54. Kg5 Ke7 55. Bf3 Nd7 56. Bxh5 f6+ 57. Kf4 Nxh5+ 58. Nxh5 Ne5 59.
Ke4 Nc6 60. Nf4 Nd4 61. Nd5+ Kf7 62. Nxb6 Nxb3 63. Nd7 Nd2+ 64. Kd5 Nf3 65. h5
Nd4 66. Ke4 Ne2 67. Nxc5 Ng3+ 68. Kf4 Nxh5+ 69. Kg4 Ng7 70. Nb7 Ke7 71. c5 Kd7
72. Nxa5 Kc7 73. Kf4 Nh5+ 74. Kg4 Ng7 75. Nb3 Kc6 76. a5 Kb5 77. Nd4+ Kxa5 78.
Ne6 Nxf5 79. Kxf5 Kb5 80. Kxf6 Kc6 81. Ke5 1-0

[Event "XXXI Festival Conca della Presolana A"]
[Site "Bratto - Castione della Presolana ITA"]
[Date "2011.08.25"]
[Round "6"]
[White "Ricci, Marco"]
[Black "Stoppa, Omar"]
[Result "1/2-1/2"]
[WhiteElo "2074"]
[BlackElo "2286"]
[PlyCount "42"]
[EventDate "2011.08.20"]

1. e4 e6 2. d4 d5 3. Nd2 Nf6 4. e5 Nfd7 5. Bd3 c5 6. c3 Nc6 7. Ne2 cxd4 8. cxd4
f6 9. exf6 Nxf6 10. Nf3 Bd6 11. O-O O-O 12. Bg5 Qc7 13. Rc1 a6 14. a3 Nh5 15.
Bb1 g6 16. Bh6 Rxf3 17. gxf3 Bxh2+ 18. Kg2 Bd6 19. Qd2 Bd7 20. Rh1 Kh8 21. Rh4
Be8 1/2-1/2

[Event "XXXI Festival Conca della Presolana A"]
[Site "Bratto - Castione della Presolana ITA"]
[Date "2011.08.25"]
[Round "6"]
[White "Vrhovnik, Damir"]
[Black "Ceccarini, Marco"]
[Result "0-1"]
[WhiteElo "2082"]
[BlackElo "2052"]
[PlyCount "63"]
[EventDate "2011.08.20"]

1. Nf3 f5 2. c4 Nf6 3. b4 g6 4. Bb2 Bg7 5. e3 d6 6. d4 Ne4 7. Nbd2 Nxd2 8. Qxd2
Nd7 9. c5 d5 10. Be2 Nf6 11. O-O Ne4 12. Qc2 O-O 13. Ne5 c6 14. a4 e6 15. b5
Bxe5 16. dxe5 Bd7 17. f3 Ng5 18. g3 Qe7 19. Bd4 Rfc8 20. Kg2 Qg7 21. Qb2 Qh6
22. h4 Nf7 23. f4 Qg7 24. Bd3 h5 25. Rfe1 Nd8 26. Rab1 Qe7 27. Qf2 Be8 28. Qd2
Qg7 29. Bb2 Qf8 30. Ba3 Qf7 31. Be2 Kg7 32. Qd4 {...} 0-1

[Event "XXXI Festival Conca della Presolana A"]
[Site "Bratto - Castione della Presolana ITA"]
[Date "2011.08.26"]
[Round "7"]
[White "Arun Prasad, Subramanian"]
[Black "Sveshnikov, Vladimir"]
[Result "1-0"]
[WhiteElo "2489"]
[BlackElo "2407"]
[PlyCount "81"]
[EventDate "2011.08.20"]

1. d4 d5 2. c4 e6 3. Nf3 Nf6 4. g3 dxc4 5. Bg2 c5 6. O-O Nc6 7. Ne5 Bd7 8. Na3
cxd4 9. Naxc4 Be7 10. Bf4 Nd5 11. Nxd7 Nxf4 12. Bxc6 bxc6 13. Nde5 Nh3+ 14. Kg2
Ng5 15. f3 Rc8 16. Nxc6 Qd5 17. N4a5 e5 18. Rc1 Rc7 19. Qd2 Ne6 20. Nxe7 Rxe7
21. Rc8+ Nd8 22. Nc6 Rd7 23. Qg5 f6 24. Rxd8+ Rxd8 25. Qxg7 Qxc6 26. Qxh8+ Ke7
27. Qxh7+ Ke6 28. Qxa7 d3 29. exd3 Rxd3 30. Qh7 Rd2+ 31. Rf2 Rxf2+ 32. Kxf2
Qb6+ 33. Kg2 Qxb2+ 34. Kh3 Qe2 35. Qg8+ Ke7 36. Qg7+ Ke6 37. Qg4+ Kf7 38. Qd7+
Kg6 39. a4 Kg5 40. Qg7+ Kh5 41. g4# 1-0

[Event "XXXI Festival Conca della Presolana A"]
[Site "Bratto - Castione della Presolana ITA"]
[Date "2011.08.26"]
[Round "7"]
[White "Arvola, Benjamin"]
[Black "Bonade', Massimo"]
[Result "0-1"]
[WhiteElo "2207"]
[BlackElo "2079"]
[PlyCount "64"]
[EventDate "2011.08.20"]

1. d4 Nf6 2. Nf3 e6 3. g3 b6 4. Bg2 Bb7 5. c4 Be7 6. O-O O-O 7. Nc3 Ne4 8. Qc2
Nxc3 9. Qxc3 f5 10. b3 Bf6 11. Bb2 Qe7 12. Rfe1 d6 13. Rad1 Nd7 14. Qc1 Rae8
15. Bh3 g5 16. Bg2 g4 17. Nh4 Bxg2 18. Nxg2 Bg5 19. Qc3 Nf6 20. Qd3 h5 21. f3
Qh7 22. d5 e5 23. Rf1 Rf7 24. Rde1 h4 25. gxh4 Bxh4 26. Nxh4 Qxh4 27. Qxf5 Rg7
28. f4 g3 29. h3 Ng4 30. Qe4 Ne3 31. Qg2 Nxg2 32. Kxg2 Rh7 0-1

[Event "XXXI Festival Conca della Presolana A"]
[Site "Bratto - Castione della Presolana ITA"]
[Date "2011.08.26"]
[Round "7"]
[White "Bemporad, Filippo"]
[Black "Podini, Francesco"]
[Result "1-0"]
[WhiteElo "2068"]
[BlackElo "2033"]
[PlyCount "131"]
[EventDate "2011.08.20"]

1. d4 Nf6 2. c4 c5 3. Nf3 cxd4 4. Nxd4 e5 5. Nc2 d5 6. cxd5 Qxd5 7. Qxd5 Nxd5
8. g3 Nc6 9. Bg2 Be6 10. O-O Bc5 11. Nd2 O-O 12. Ne4 Be7 13. Bd2 h6 14. Nc3
Rfd8 15. Rfd1 Rac8 16. Ne3 Nxe3 17. Bxe3 Nd4 18. Rd2 Rd7 19. Rad1 Rcd8 20. f4
f6 21. Kf2 a6 22. b3 Bb4 23. Rd3 b5 24. Bc1 Rc7 25. Bb2 Rdc8 26. Nd5 Bxd5 27.
Bxd5+ Kf8 28. a3 Ba5 29. b4 Bb6 30. e3 Rc2+ 31. R1d2 Nf5 32. Be6 Bxe3+ 33. Ke2
Bxd2 34. Bxc8 Bc3+ 35. Kd1 Rxb2 36. Rxc3 Nd4 37. fxe5 fxe5 38. Bxa6 Rxh2 39.
Re3 Ra2 40. Kc1 Kf7 41. Kb1 Rg2 42. Bb7 Rg1+ 43. Kb2 Kf6 44. Bc8 Rg2+ 45. Kb1
Rf2 46. Bd7 Ke7 47. Bxb5 Nxb5 48. Rxe5+ Kd6 49. Rxb5 Rf3 50. a4 Rxg3 51. Kc2
Rh3 52. a5 Kc6 53. Rc5+ Kb7 54. b5 Ra3 55. b6 g5 56. Kb2 Ra4 57. Kb3 Ra1 58.
Rc7+ Kb8 59. Kb4 Rb1+ 60. Kc5 Rc1+ 61. Kd6 Ra1 62. Rh7 Rd1+ 63. Kc6 Rc1+ 64.
Kb5 Rb1+ 65. Ka6 Kc8 66. Ka7 1-0

[Event "XXXI Festival Conca della Presolana A"]
[Site "Bratto - Castione della Presolana ITA"]
[Date "2011.08.26"]
[Round "7"]
[White "Borgo, Giulio"]
[Black "Qendro, Llambi"]
[Result "1-0"]
[WhiteElo "2404"]
[BlackElo "2343"]
[PlyCount "37"]
[EventDate "2011.08.20"]

1. b3 Nf6 2. Bb2 g6 3. g3 Bg7 4. Bg2 O-O 5. Nf3 d6 6. d4 c6 7. O-O Bg4 8. Nbd2
Qd7 9. Re1 Na6 10. e4 Rfe8 11. Qe2 Rad8 12. Qf1 Nb4 13. Qc4 a5 14. a3 d5 15.
Qc3 Nxe4 16. Nxe4 dxe4 17. Ne5 Bxe5 18. dxe5 Nd5 19. e6 1-0

[Event "XXXI Festival Conca della Presolana A"]
[Site "Bratto - Castione della Presolana ITA"]
[Date "2011.08.26"]
[Round "7"]
[White "Brun, Dario"]
[Black "Rambaldi, Francesco"]
[Result "0-1"]
[WhiteElo "2265"]
[BlackElo "2206"]
[PlyCount "85"]
[EventDate "2011.08.20"]

1. d4 d6 2. Nf3 g6 3. c4 Bg7 4. Nc3 Bg4 5. e4 Bxf3 6. gxf3 Nc6 7. d5 Nd4 8. Be3
c5 9. dxc6 Nxc6 10. Qb3 Nd4 11. Qa4+ Qd7 12. Qxd7+ Kxd7 13. O-O-O Nxf3 14. c5
Bxc3 15. bxc3 Kc7 16. cxd6+ exd6 17. c4 b6 18. Bg2 Ne5 19. f4 Nc6 20. e5 dxe5
21. fxe5 Nge7 22. Bf4 Rad8 23. Rd6 Nd4 24. Bg5 Ndf5 25. Rhd1 Rhe8 26. Bf4 g5
27. Rxd8 Rxd8 28. Rxd8 Kxd8 29. Bxg5 h6 30. Bd2 Kd7 31. Bh3 Kc6 32. Bb4 a5 33.
Ba3 b5 34. Bg2+ Kb6 35. cxb5 Kxb5 36. Kd2 Kc4 37. Bh3 Kd5 38. Bb2 Nh4 39. Kd3
Nhg6 40. Bc3 Nf4+ 41. Ke3 Nxh3 42. Bxa5 Kxe5 43. Bd8 0-1

[Event "XXXI Festival Conca della Presolana A"]
[Site "Bratto - Castione della Presolana ITA"]
[Date "2011.08.26"]
[Round "7"]
[White "Cani, Gazmir"]
[Black "Bresciani, Nicola"]
[Result "1-0"]
[WhiteElo "2114"]
[BlackElo "2287"]
[PlyCount "113"]
[EventDate "2011.08.20"]

1. d4 Nf6 2. Bg5 e6 3. e4 h6 4. Bxf6 Qxf6 5. Nf3 d6 6. Nc3 Nd7 7. Qd2 c6 8.
O-O-O e5 9. dxe5 Nxe5 10. Nd4 Be7 11. f4 Ng6 12. g3 O-O 13. h4 Re8 14. h5 Nf8
15. e5 dxe5 16. Ne4 exd4 17. Nxf6+ Bxf6 18. Be2 Be6 19. Kb1 Bd5 20. Rhg1 Re7
21. g4 Rae8 22. Bd3 Ne6 23. g5 hxg5 24. fxg5 Be5 25. Rgf1 Bg3 26. g6 f6 27. h6
Ng5 28. hxg7 Kxg7 29. b3 c5 30. Kb2 b6 31. Rf5 Bc6 32. Rdf1 Be1 33. Rxe1 Rxe1
34. Qh2 R1e7 35. Rxg5 fxg5 36. Qh7+ Kf6 37. g7 Bd5 38. Qg6+ Ke5 39. Qxg5+ Kd6
40. Qf4+ Kc6 41. a4 Kb7 42. Qd6 Rxg7 43. Qxd5+ Kb8 44. Be4 Rxe4 45. Qxe4 Rd7
46. Ka3 Kc7 47. a5 b5 48. Qa8 Kd6 49. Qb8+ Kc6 50. Qc8+ Kd6 51. Qa6+ Kd5 52.
Qxb5 Kd6 53. Ka4 Rc7 54. Qb8 Kc6 55. a6 Kd7 56. Kb5 Rc6 57. Qxa7+ 1-0

[Event "XXXI Festival Conca della Presolana A"]
[Site "Bratto - Castione della Presolana ITA"]
[Date "2011.08.26"]
[Round "7"]
[White "Cebalo, Miso"]
[Black "Juhasz, Kristof"]
[Result "1/2-1/2"]
[WhiteElo "2484"]
[BlackElo "2334"]
[PlyCount "95"]
[EventDate "2011.08.20"]

1. c4 c5 2. g3 g6 3. Bg2 Bg7 4. Nc3 Nc6 5. Nf3 e6 6. d3 Nge7 7. Bg5 h6 8. Bd2
O-O 9. Qc1 Kh7 10. Rb1 b6 11. a3 a5 12. b4 axb4 13. axb4 Rb8 14. bxc5 bxc5 15.
Rxb8 Nxb8 16. Qa3 d6 17. O-O Nbc6 18. Rb1 Nb4 19. Na2 Nbc6 20. Nc3 Nb4 21. Nb5
Nec6 22. Na7 Qc7 23. Nxc6 Nxc6 24. Qa8 Bd7 25. Qb7 Rc8 26. Qxc7 Rxc7 27. Rb6
Kg8 28. Ne1 Kf8 29. Nc2 Ke7 30. h4 h5 31. Na3 Na7 32. Ba5 Nc6 33. Nb5 Rc8 34.
Bxc6 Rxc6 35. Rb8 Rc8 36. Rxc8 Bxc8 37. Bc7 d5 38. Bd6+ Kd7 39. Bxc5 dxc4 40.
dxc4 Kc6 41. Bd4 Bxd4 42. Nxd4+ Kc5 43. Nf3 f6 44. Nd2 Kd4 45. c5 Bd7 46. e3+
Kd3 47. Nf3 Kc4 48. Nd4 1/2-1/2

[Event "XXXI Festival Conca della Presolana A"]
[Site "Bratto - Castione della Presolana ITA"]
[Date "2011.08.26"]
[Round "7"]
[White "Cocchi, Andrea"]
[Black "Ricci, Marco"]
[Result "1-0"]
[WhiteElo "2297"]
[BlackElo "2074"]
[PlyCount "55"]
[EventDate "2011.08.20"]

1. Nf3 Nf6 2. c4 g6 3. Nc3 Bg7 4. d4 O-O 5. Bf4 d6 6. e3 Nc6 7. h3 Nd7 8. Be2
e5 9. Bh2 exd4 10. exd4 Re8 11. O-O Nb6 12. Re1 h5 13. Qd2 Bf5 14. Rad1 Bf6 15.
Bf4 Qd7 16. Bg3 Rad8 17. Qf4 Kg7 18. c5 Nc8 19. Nd5 Re4 20. Nxf6 Rxf4 21. Nxd7
Rxf3 22. Bxf3 Rxd7 23. Re8 Rd8 24. Rxd8 Nxd8 25. cxd6 Nxd6 26. Rc1 Nc6 27. d5
Nd4 28. Be5+ 1-0

[Event "XXXI Festival Conca della Presolana A"]
[Site "Bratto - Castione della Presolana ITA"]
[Date "2011.08.26"]
[Round "7"]
[White "Codenotti, Marco"]
[Black "Montani, Francesco"]
[Result "1-0"]
[WhiteElo "2323"]
[BlackElo "2218"]
[PlyCount "51"]
[EventDate "2011.08.20"]

1. e4 c5 2. Nf3 e6 3. d4 cxd4 4. Nxd4 a6 5. c4 Nf6 6. Nc3 d6 7. Be3 Qc7 8. Be2
b6 9. O-O Bb7 10. f3 Be7 11. Qd2 Nbd7 12. Rfc1 O-O 13. a4 Rac8 14. a5 bxa5 15.
Nb3 a4 16. Nxa4 Qb8 17. Na5 Ba8 18. b4 d5 19. c5 dxe4 20. f4 Rfd8 21. Qe1 Nd5
22. Bxa6 Rc7 23. b5 Ra7 24. c6 N7f6 25. b6 Nxe3 26. Qxe3 1-0

[Event "XXXI Festival Conca della Presolana A"]
[Site "Bratto - Castione della Presolana ITA"]
[Date "2011.08.26"]
[Round "7"]
[White "Cugini, Verter"]
[Black "Efroimski, Marsel"]
[Result "0-1"]
[WhiteElo "2053"]
[BlackElo "2235"]
[PlyCount "66"]
[EventDate "2011.08.20"]

1. e4 c6 2. c4 d5 3. cxd5 cxd5 4. exd5 Nf6 5. Bb5+ Nbd7 6. Nc3 g6 7. Nf3 Bg7 8.
O-O O-O 9. d4 Nb6 10. Ne5 Nfxd5 11. Qf3 Nc7 12. Be3 f6 13. Nc4 Nxb5 14. Nxb6
Qxb6 15. Qd5+ Be6 16. Qxb5 Qxb5 17. Nxb5 Bc4 18. Nc7 Rac8 19. Rfc1 Rxc7 20. b3
Rfc8 21. bxc4 Rxc4 22. Rd1 f5 23. Rd3 Rd8 24. Rad1 Ra4 25. R3d2 b6 26. g3 Rd5
27. Kg2 Rda5 28. Bg5 Rxa2 29. Bxe7 Rxd2 30. Rxd2 Rd5 31. Ra2 a5 32. Rb2 Bxd4
33. Rd2 Kf7 0-1

[Event "XXXI Festival Conca della Presolana A"]
[Site "Bratto - Castione della Presolana ITA"]
[Date "2011.08.26"]
[Round "7"]
[White "David, Alberto"]
[Black "Melia, Salome"]
[Result "1-0"]
[WhiteElo "2609"]
[BlackElo "2437"]
[PlyCount "83"]
[EventDate "2011.08.20"]

1. c4 e5 2. Nc3 Nc6 3. g3 g6 4. Bg2 Bg7 5. d3 d6 6. Rb1 Nf6 7. Nf3 O-O 8. O-O
h6 9. b4 a6 10. a4 Be6 11. b5 axb5 12. axb5 Ne7 13. Bb2 Qd7 14. Re1 Bh3 15. Bh1
Ng4 16. Qb3 Kh8 17. d4 exd4 18. Nd5 Nxd5 19. cxd5 Qf5 20. Rbd1 c5 21. dxc6 bxc6
22. Bxd4 cxb5 23. Qb2 Bxd4 24. Rxd4 Kg8 25. Qd2 Qc5 26. Bg2 Bxg2 27. Kxg2 Ne5
28. Nxe5 Qxe5 29. Rd1 Ra4 30. Rxd6 Kh7 31. Rd7 Qe6 32. Qd5 Re4 33. e3 Kg7 34.
Qxb5 Re5 35. Qb2 Kh7 36. Qb7 Rh5 37. h4 Kg7 38. R1d6 Qe5 39. Qc6 Qf5 40. e4 Qa5
41. Rxg6+ Kh7 42. Qf6 1-0

[Event "XXXI Festival Conca della Presolana A"]
[Site "Bratto - Castione della Presolana ITA"]
[Date "2011.08.26"]
[Round "7"]
[White "De Florio, Federico"]
[Black "Krzyzanowski, Marcin"]
[Result "0-1"]
[WhiteElo "2176"]
[BlackElo "2370"]
[PlyCount "106"]
[EventDate "2011.08.20"]

1. d4 d5 2. Nf3 Nf6 3. c4 c6 4. e3 Bf5 5. Nc3 e6 6. Qb3 Qc7 7. Bd2 Nbd7 8. Rc1
Qb6 9. Be2 h6 10. O-O Be7 11. Rfd1 O-O 12. Na4 Qxb3 13. axb3 Ne4 14. Be1 Rfe8
15. cxd5 exd5 16. b4 a6 17. Nc5 Rab8 18. h3 Nb6 19. b3 Nd6 20. g4 Bh7 21. Ne5
Rbd8 22. Nxb7 Nxb7 23. Bxa6 Nd6 24. Nxc6 Ra8 25. Nxe7+ Rxe7 26. b5 Re6 27. Rc6
Ne8 28. Rdc1 Bd3 29. Rxe6 fxe6 30. Rc6 Rb8 31. Ba5 Nd7 32. Rxe6 Kf7 33. Rc6
Bxb5 34. Bxb5 Rxb5 35. b4 Ke7 36. f3 Nd6 37. Bd8+ Kxd8 38. Rxd6 Ke7 39. Rg6 Kf7
40. Rd6 Nf6 41. h4 g5 42. h5 Rxb4 43. Kf2 Ke7 44. Ra6 Rb7 45. Ke2 Rd7 46. f4
gxf4 47. exf4 Nxg4 48. Rg6 Nf6 49. Rxh6 Ke6 50. Rg6 Rh7 51. Rg5 Rxh5 52. Re5+
Rxe5+ 53. dxe5 Nh5 0-1

[Event "XXXI Festival Conca della Presolana A"]
[Site "Bratto - Castione della Presolana ITA"]
[Date "2011.08.26"]
[Round "7"]
[White "De Santis, Alessio"]
[Black "Horvath, Csaba"]
[Result "1/2-1/2"]
[WhiteElo "2305"]
[BlackElo "2517"]
[PlyCount "77"]
[EventDate "2011.08.20"]

1. b3 d5 2. Bb2 Nf6 3. Nf3 Bg4 4. e3 Nbd7 5. Be2 c6 6. h3 Bxf3 7. Bxf3 e5 8. d3
Bb4+ 9. c3 Ba5 10. Nd2 O-O 11. O-O Re8 12. Qc2 Nf8 13. b4 Bc7 14. Rfd1 Qd7 15.
c4 Ne6 16. Be2 d4 17. e4 Nf4 18. Bf1 N6h5 19. Kh2 Re6 20. Nf3 f5 21. g3 fxe4
22. dxe4 Ng6 23. c5 Rf6 24. Ne1 Raf8 25. Nd3 R6f7 26. Bg2 Nf6 27. Rf1 h5 28.
Bc1 h4 29. Bg5 Nh7 30. Bd2 Bd8 31. Qb3 Kh8 32. Qd1 Nf6 33. Kg1 Bc7 34. Bg5 Kg8
35. Bxf6 Rxf6 36. Qb3+ Kh8 37. Qd1 Kg8 38. Qb3+ Kh8 39. Qd1 1/2-1/2

[Event "XXXI Festival Conca della Presolana A"]
[Site "Bratto - Castione della Presolana ITA"]
[Date "2011.08.26"]
[Round "7"]
[White "Finocchiaro, Gianluca"]
[Black "Mikalsen, Erlend"]
[Result "1-0"]
[WhiteElo "2115"]
[BlackElo "2037"]
[PlyCount "105"]
[EventDate "2011.08.20"]

1. d4 f5 2. h3 d5 3. g4 fxg4 4. hxg4 Bxg4 5. Qd3 Qd7 6. f3 Bf5 7. e4 Bg6 8. Nc3
Nf6 9. Bg5 c6 10. O-O-O Na6 11. Qe3 Nc7 12. Bh3 e6 13. Nge2 Bb4 14. Nf4 O-O 15.
Nxg6 hxg6 16. Rdg1 Qf7 17. Bf4 Nfe8 18. Rg4 e5 19. Bxe5 Qxf3 20. Qxf3 Rxf3 21.
Rxg6 Bxc3 22. bxc3 dxe4 23. Bg2 Rf2 24. Bxe4 Nd5 25. Kb2 Nef6 26. Rhg1 Nxe4 27.
Rxg7+ Kf8 28. Rg8+ Ke7 29. Rxa8 b5 30. Rg7+ Ke6 31. Re8+ Kf5 32. Rf8+ Ke6 33.
Rxf2 Nxf2 34. Rxa7 Nd1+ 35. Kb3 N1xc3 36. Rh7 Ne4 37. Rh6+ Kd7 38. Kb2 Nb6 39.
Kb3 Nd5 40. Rg6 Nd2+ 41. Kb2 Nc4+ 42. Kc1 Nc3 43. a3 Na2+ 44. Kd1 Nc3+ 45. Ke1
Nb1 46. Ke2 Nbxa3 47. Kd3 Nb2+ 48. Ke4 Nxc2 49. Rg2 Nxd4 50. Bxd4 Nc4 51. Rg6
Nd6+ 52. Kd3 Nc4 53. Rh6 1-0

[Event "XXXI Festival Conca della Presolana A"]
[Site "Bratto - Castione della Presolana ITA"]
[Date "2011.08.26"]
[Round "7"]
[White "Formento, Paolo"]
[Black "Bianchi, Andrea"]
[Result "1/2-1/2"]
[WhiteElo "2024"]
[BlackElo "2142"]
[PlyCount "83"]
[EventDate "2011.08.20"]

1. Nf3 d5 2. d4 e6 3. e3 Nf6 4. Bd3 c5 5. b3 Be7 6. O-O O-O 7. Bb2 b6 8. Nbd2
Bb7 9. Ne5 Qc7 10. f4 Nbd7 11. Qe2 Rfd8 12. Rf2 a6 13. a4 Ne4 14. Nxe4 dxe4 15.
Bc4 Nxe5 16. dxe5 g6 17. g4 Qc8 18. f5 Bh4 19. Rff1 Bd5 20. f6 Bg5 21. Qf2 Qc6
22. h4 Bh6 23. g5 Bf8 24. h5 Bxc4 25. bxc4 Qd7 26. Bc3 Ra7 27. Kg2 Rb7 28. Rh1
Qc6 29. Rh4 Rdd7 30. Qf4 b5 31. axb5 axb5 32. Qxe4 Qxe4+ 33. Rxe4 b4 34. Be1 b3
35. cxb3 Rxb3 36. Ra2 Rdb7 37. h6 Rb1 38. Kf2 Rc1 39. Re2 Rbb1 40. Rg4 Ra1 41.
Rf4 Kh8 42. Rg4 1/2-1/2